| 000 | 00768cam a22002651 4500 | ||
|---|---|---|---|
| 001 | 30763 | ||
| 003 | BD-RjUL | ||
| 005 | 20211209051619.0 | ||
| 008 | 140412s1955 nyu 000 0 eng d | ||
| 035 | _a(BD-RjUL)30850 | ||
| 040 |
_aDLC _cOClU _dOCoLC _dDLC _dBD-RjUL _beng |
||
| 041 | _aeng | ||
| 082 | 0 | 0 |
_a323.44 _bTRD 1955. |
| 100 | 1 |
_aTrueblood, Elton, _d1900-1994. _993492 |
|
| 245 | 1 | 0 |
_aDeclaration of freedom / _cby Elton Trueblood |
| 250 | _a[1st ed.] | ||
| 260 |
_aNew York : _bHarper, _c1955. |
||
| 300 |
_a124 p. ; _c20 cm. |
||
| 500 | _a"Originally delivered as the Colver lectures at Brown Univesity in 1954." | ||
| 650 | 0 |
_aLiberty. _993493 |
|
| 650 | 0 |
_aCivil rights. _993494 |
|
| 942 |
_2ddc _cBK |
||
| 999 |
_c30763 _d30763 |
||